Anciennes capitales #1 - Statistiques

Statistiques générales
  • Ce quiz a été pris 73 fois
  • Le résultat moyen est 10 sur 20
Statistiques - réponses
Par images Hint Réponse % Correct
Indonésie (1950-2024) Jakarta
86%
Brésil (1763-1960) Rio de Janeiro
84%
Russie (1731-1918) Saint-Pétersbourg
78%
Japon (794-1868) Kyoto
75%
Australie (1901-1927) Melbourne
75%
Côte d'Ivoire (1933-1983 Abidjan
73%
Maroc (1727-1912) Fès
63%
Turquie (1453-1923) Constantinople
58%
Italie (1865-1871) Florence
58%
Nigeria (1914-1991) Lagos
56%
Nouvelle-Zélande (1841-1865) Auckland
55%
États-Unis (1781-1783) Philadelphie
50%
Tanzanie (1961-1996) Dar es Salam
47%
Inde (1911-1931) Delhi
45%
Pakistan (1947-1959) Karachi
41%
Perse (1598-1736) Ispahan
23%
Portugal (1179-1255) Coimbra
17%
Suède (1273-1436) Uppsala
11%
Espagne (1469-1591) Valladolid
9%
Grèce (1829-1834) Nauplie
2%
Aucun quiz correspondant
Distribution des résultats
% des personnes avec chaque résultat
Percentile par nombre de réponses
Votre historique - résultats
Vous n’avez pas pris ce quiz